|
|
|
|
| LEADER |
01942nam a2200337 4500 |
| 001 |
ocn950450192 |
| 003 |
OCoLC |
| 005 |
20180501122031.0 |
| 008 |
160702s2016 ne a b 001 0 eng d |
| 040 |
|
|
|a BTCTA
|b eng
|c BTCTA
|d BDX
|d GWM
|d OCLCO
|d OCLCA
|d GrThAP
|
| 020 |
|
|
|a 9780128047859
|
| 020 |
|
|
|a 0128047852
|
| 035 |
|
|
|a (OCoLC)950450192
|
| 050 |
|
4 |
|a RJ506.D47
|
| 049 |
|
|
|a TEFA
|
| 245 |
0 |
0 |
|a International review of research in developmental disabilities.
|n Volume 51 /
|c Edited by Robert M. Hodapp and Deborah J. Fidler
|
| 264 |
|
1 |
|a Amsterdam :
|b Elsevier,
|c 2016.
|
| 264 |
|
4 |
|c Ã2016
|
| 300 |
|
|
|a xiv, 299 pages :
|b illustrations ;
|c 24 cm
|
| 336 |
|
|
|a text
|b txt
|2 rdacontent
|
| 337 |
|
|
|a unmediated
|b n
|2 rdamedia
|
| 338 |
|
|
|a volume
|b nc
|2 rdacarrier
|
| 490 |
1 |
|
|a International review of research in developmental disabilities,
|x 2211-6095 ;
|v volume 51
|
| 504 |
|
|
|a Includes bibliographical references and index.
|
| 505 |
0 |
|
|a What can Neuropsychology Teach Us About Intellectual Disability? Searching for Commonalities in the Memory and Executive Function Profiles Associated with Down, Williams, and Fragile X Syndromes -- Characterizing Emergent Anxiety Through the Lens of Fragile X -- Assessment and Treatment of Executive Function Impairments in Autism Spectrum Disorder: An Update -- Joint Attention and Early Social Developmental Cascades in Neurogenetic Disorders -- Sleep in Neurodevelopmental Disorders -- Parent Advocacy Across the LifeSpan -- Victimization of Individuals with Intellectual and Developmental Disabilities Across the Lifespan
|
| 650 |
|
2 |
|a Developmental Disabilities.
|0 (DNLM)D002658
|
| 650 |
|
2 |
|a Chromosome Disorders.
|0 (DNLM)D025063
|
| 700 |
1 |
|
|a Hodapp, Robert M.,
|e editor.
|
| 700 |
1 |
|
|a Fidler, Deborah J.,
|e editor.
|
| 830 |
|
0 |
|a International review of research in developmental disabilities ;
|v v. 51.
|
| 856 |
4 |
0 |
|u https://www.sciencedirect.com/science/bookseries/22116095/51
|z Full Text via HEAL-Link
|